| 000 | 00564 a2200205 4500 | ||
|---|---|---|---|
| 005 | 20260402142006.0 | ||
| 008 | 260402b |||||||| |||| 00| 0 eng d | ||
| 020 |
_a9783035626063 _c€ 42.00 |
||
| 040 | _aMAIN | ||
| 082 |
_a720.47 _bB633M |
||
| 100 | _aBoettger, Till | ||
| 245 | _aMono-material: Monolithic, homogeneous and circular construction | ||
| 260 |
_bBirkhäuser _c2023 _aBerlin |
||
| 300 | _a205 | ||
| 650 | _aArchitecture | ||
| 650 | _aMono- Material Construction | ||
| 650 | _aBuilding Materials | ||
| 700 | _aKnauer, Ulrike | ||
| 942 | _cBK | ||
| 999 |
_c396736 _d396736 |
||